000 00745nas a2200241 4500
001 BR0100221
003 BR-BrBNA
005 20231205102018.0
007 ta
008 230509b bl.|||p| |||| 00| 00por d
040 _aBR-BrBNA
_bpor
_cBiblioteca Nacional de Agricultura
041 _a(Pt)
072 _aM01; E70
100 1 _aOliveira, L.H. de
100 1 _aFukushima, S.E.
245 1 _aSistema integrado de gestao: o caso dos pesqueiros na regiao da grande Sao Paulo
650 _aPesca
650 _aAgribusiness
650 _aSao Paulo
773 0 _tRevista da Universidade de Alfenas (Brazil)
_xISSN 1413-3547
_g(Jul-Dec 1998), v. 4(2) p. 217-224
_wBR0100221
909 _a202311
_bLúcia
_c55
_dLúcia Elande
942 _2AGRIS
_n0
_cANA
999 _c165247
_d165247